| 000 | 00465nam a2200169Ia 4500 | ||
|---|---|---|---|
| 003 | GCL | ||
| 005 | 20240530100759.0 | ||
| 008 | 140319s9999 xx 000 0 eng d | ||
| 040 |
_aGCL / _cGCL |
||
| 082 | 0 | 4 |
_a190 _bS S |
| 100 | 1 | _aSTUMPT, SAMUEL E | |
| 245 | 1 | 0 |
_aSOCRATES TO SARTER: A HISTORY OF PHILOEPHY, 5TH ED / _cSTUMPF, SAMUEL ENOCH |
| 260 |
_a[S.N] : _bMC GRAW - HILL ، _c1993 |
||
| 300 | _a577 P | ||
| 650 | 0 | 4 | _aPHILOSOPHY - HISTORY |
| 942 |
_2ddc _cBK |
||
| 999 |
_c20853 _d20853 |
||